000 01087nam a2200265 i 4500
001 bg
245 0 0 _aBusiness and economic developmnet in Central and Eastern Europa :
_bimplications for economic integration into wider Europe : proceedings of the international confgernece /
_ced. by Włodzimierz Karaszewski, Jerzy W. Wiśniewski, Marek Zarębski.
260 _aToruń :
_bUniw. Mikołaja Kopernika,
_c1999.
300 _a721, [12] s. :
_brys., wykr. ;
_c24 cm.
500 _aStreszcz., bibliogr. przy ref.
610 2 9 _aUnia Europejska
_xgospodarka
_yod 1989 r.
650 9 _aIntegracja europejska
_xgospodarka
_yod 1989 r.
651 9 _aEuropa Środkowo-Wschodnia
_xgospodarka
_yod 1989 r.
655 _aMateriały konferencyjne
700 1 _aKARASZEWSKI, Włodzimierz.
_eRed.
700 1 _aWIŚNIEWSKI, Jerzy W.
_eRed.
700 1 _aZARĘBSKI, Marek.
_eRed.
020 _a8323111073
040 _cBPK
041 0 _aen
080 _a338.22(438)+332.1(438):339.92(4-67)]"1989/..."(061)
920 _a83-231-1107-3
942 _cKS
008 s pl f |000 0 pol
999 _c35957
_d35957
856 _uhttp://koha.tu.koszalin.pl/cgi-bin/koha/opac-detail.pl?biblionumber=35957
_yKatalog online BPK